Návrh technológie syntézy metanolu
Saved in:
| Main Author: | |
|---|---|
| Other Authors: | |
| Format: | Manuscript Book |
| Language: | Slovak |
| Published: |
2025
|
| Subjects: | |
| Online Access: | http://is.stuba.sk/zp/portal_zp.pl?podrobnosti=176144 |
| Tags: |
No Tags, Be the first to tag this record!
|
MARC
| LEADER | 00000ntm a22000003a 4500 | ||
|---|---|---|---|
| 001 | stuzp105111 | ||
| 003 | SK-STU | ||
| 005 | 20250628212349.1 | ||
| 007 | ta | ||
| 008 | 150427s2015----xo-----f-mn---000-0-slo-d | ||
| 040 | |a STU |b slo | ||
| 041 | 0 | |a slo | |
| 100 | 1 | |a Ferková, Barbora Božidara |u 046230 |4 aut |U FCHPT Ústav chemického a environmentálneho inžinierstva |T FCHPT Oddelenie chemického a biochemického inžinierstva |X 121456 |U C6230 |Y 119 |7 121456 | |
| 242 | 0 | 1 | |a Design of methanol synthesis technology |y eng |
| 245 | 1 | 0 | |a Návrh technológie syntézy metanolu |
| 260 | |c 2025 | ||
| 650 | 4 | |a syntéza metanolu |2 slo | |
| 650 | 4 | |a rúrový reaktor |2 slo | |
| 650 | 4 | |a rektifikačná kolóna |2 slo | |
| 650 | 4 | |a methanol synthesis |2 eng | |
| 650 | 4 | |a tubular reactor |2 eng | |
| 650 | 4 | |a rectification column |2 eng | |
| 700 | 1 | |a Labovský, Juraj |u 046230 |k Z1 |4 ths |U FCHPT Ústav chemického a environmentálneho inžinierstva |T FCHPT Oddelenie chemického a biochemického inžinierstva |X 10292 |U C6230 |Y 119 |7 A000010292 | |
| 856 | 4 | |u http://is.stuba.sk/zp/portal_zp.pl?podrobnosti=176144 | |